| 000 | 04131nam a22004457a 4500 | ||
|---|---|---|---|
| 005 | 2008070805335.0 | ||
| 008 | 080708t xxu||||| |||| 00| 0 eng d | ||
| 010 | _aENG-90474 B-308258-269 | ||
| 020 |
_a9788131303962 _c495.00 |
||
| 035 | _aEN-74007 | ||
| 035 | _aB-308258-269 | ||
| 035 | _aB-359105 | ||
| 037 | _bDBAD / PUB | ||
| 037 | _bPansy Books | ||
| 040 |
_adpl _bEnglish |
||
| 082 | _a363.73874 | ||
| 100 | _aTabin, Shagoon | ||
| 245 |
_aGlobal warming: _cby Shagoon Tabin _bthe effects of "Ozone" depletion / |
||
| 260 |
_aNew Delhi _bAPH Publishing Corporation _c2008 |
||
| 270 |
_a4435-36/7, Ansari Raod, Darya Ganj, _bNew Delhi _e110002 |
||
| 300 |
_axv, 178p. _c23cm(Hb) |
||
| 500 | _aIncludes bibliographical references and index | ||
| 942 |
_2ddc _cEN _h363.73874 _mTAB |
||
| 999 |
_c14269 _d14269 |
||